[Event "Jose Marti Memorial"]
[Site "Jaguey Grande"]
[Date "2007.08.08"]
[Round "8"]
[White "Acosta, Ricardo"]
[Black "Romero Gonzalez, Javier"]
[Result "1/2-1/2"]
[WhiteElo "1909"]
[BlackElo "2044"]
[PlyCount "41"]
[EventDate "2007.08.01"]
[EventType "tourn"]
[EventRounds "14"]
[EventCountry "CUB"]
[SourceTitle "EXT 2019"]
[Source "ChessBase"]
[SourceDate "2018.10.10"]
[SourceVersion "1"]
[SourceVersionDate "2018.10.10"]
[SourceQuality "1"]

1. e4 e5 2. Nf3 Nf6 3. Nxe5 d6 4. Nf3 Nxe4 5. c4 d5 6. Nc3 Bc5 7. d4 Bb4 8. Bd2 Nxd2 9. Qxd2 Qe7+ 10. Be2 dxc4 11. 0-0 Bxc3 12. bxc3 0-0 13. Bxc4 Qd6 14. Rab1 Nd7 15. Qe2 Nb6 16. Bd3 Nd5 17. Qe5 Nxc3 18. Rbc1 Nd5 19. Bc4 Nf6 20. Qxd6 cxd6 21. Bb3 1/2-1/2

[Event "Jose Marti Memorial"]
[Site "Jaguey Grande"]
[Date "2007.08.01"]
[Round "1"]
[White "Romero Gonzalez, Javier"]
[Black "Acosta, Ricardo"]
[Result "1-0"]
[WhiteElo "2044"]
[BlackElo "1909"]
[PlyCount "97"]
[EventDate "2007.08.01"]
[EventType "tourn"]
[EventRounds "14"]
[EventCountry "CUB"]
[SourceTitle "EXT 2019"]
[Source "ChessBase"]
[SourceDate "2018.10.10"]
[SourceVersion "1"]
[SourceVersionDate "2018.10.10"]
[SourceQuality "1"]

1. e4 c5 2. Nf3 d6 3. Bb5+ Nd7 4. d4 cxd4 5. Qxd4 e5 6. Qd3 h6 7. Nc3 Ngf6 8. Be3 Be7 9. Bc4 a6 10. a4 Qa5 11. 0-0 0-0 12. Nh4 Nc5 13. Bxc5 Qxc5 14. Ng6 Re8 15. Rad1 Bf8 16. Nd5 Nxd5 17. Bxd5 Be6 18. Nxf8 Kxf8 19. Bxb7 Bc4 20. Qxd6+ Qxd6 21. Rxd6 Rab8 22. Bxa6 Bxf1 23. Kxf1 Rxb2 24. Bb5 Rxc2 25. Bxe8 Kxe8 26. Ra6 Ra2 27. Ra7 g6 28. a5 Kf8 29. a6 Kg7 30. Ra8 Kf6 31. g3 Kg5 32. Kg2 h5 33. h4+ Kf6 34. Kf3 Ra5 35. Ke2 Ra2+ 36. Kd3 Rxf2 37. a7 Ra2 38. Kc4 Ke6 39. Kc5 Kd7 40. Kb6 Rb2+ 41. Ka6 Ra2+ 42. Kb7 Rb2+ 43. Ka6 Ra2+ 44. Kb5 Rb2+ 45. Ka4 Ra2+ 46. Kb3 Ra6 47. Rf8 Ke7 48. a8Q Rxa8 49. Rxa8 1-0